000
00317nam a2200121Ia 4500
008
190216s9999||||xx |||||||||||||| ||und||
100
_a
Mankar V G&Amp; Sreedharn Pilla
245
0
_a
Business And Managerial Economics
260
_b
Himalaya Publishing House
_c
1985
300
_a
407p
650
_a
Commerce
942
_c
BK
999
_c
5287
_d
5287